| 000 | 00461nam a2200133Ia 4500 | ||
|---|---|---|---|
| 008 | 160809s9999 xx 000 0 und d | ||
| 100 | _aAthertya , Jiyo S. | ||
| 245 | _aSegmentation and Labelling of Human Spine MR Images Using Fuzzy Clustering | ||
| 245 | _cJiyo.S.Athertya and G.Saravana Kumar | ||
| 260 | _bComputer Science and Information Technology | ||
| 260 | _cMarch 2016 | ||
| 650 | _xINFORMATION TECHNOLOGY | ||
| 856 | _uhttp://airccse.org/V6N51.html | ||
| 999 |
_c300084 _d300084 |
||